000 00627nam a2200205Ia 4500
003 OSt
005 20250307092220.0
008 210210b1996 xxu||||| |||| 00| 0 eng d
040 _cAL
041 _aKannada
082 _aK894.301 KRAJ
100 _aKRASHNAKUMARA.
_dಕೃಷ್ಣಕುಮಾರ
_9204684
245 _aJivana: Sanna Kategala Sankalana
_bಜೀವನ: ಸಣ್ಣ ಕತೆಗಳ ಸಂಕಲನ
260 _aBengaluru
_bKannada Pustaka Pradhikara
_c1996
300 _a142,x
650 _aJanapriya pustaka male
_9204685
690 _aKannada Fiction
_9204686
906 _aSG04019
942 _2ddc
_cSG
999 _c114891
_d114891